El contrato de asociación o cuentas en participación

में बचाया:
ग्रंथसूची विवरण
मुख्य लेखक: Sepúlveda Magaña, Rodrigo Antonio
स्वरूप: पुस्तक
प्रकाशित: Universidad Nacional Andrés Bello, Facultad de Ciencias Jurídicas y Sociales. 1995.
विषय:
टैग: टैग जोड़ें
कोई टैग नहीं, इस रिकॉर्ड को टैग करने वाले पहले व्यक्ति बनें!

MARC

LEADER 00000nam a22000005a 4500
001 399
003 CL-ChBUA
005 20120815102702.0
008 070301s1995 cl 000 0 |||
040 |a CL-ChBUA  |c CL-ChBUA 
090 |c 399  |d 399 
100 1 |a Sepúlveda Magaña, Rodrigo Antonio. 
245 1 0 |a El contrato de asociación o cuentas en participación 
260 |b Universidad Nacional Andrés Bello, Facultad de Ciencias Jurídicas y Sociales.  |c 1995. 
300 |a 120 p.  |c 33 cm. 
500 |a Tesis. 
504 |a Indice. 
650 4 |a MERCANTILISMO (CHILE). 
942 |c LTS 
945 |c LICENCIADO EN CS. JURIDICAS. 
952 |0 0  |1 0  |2 ddc  |4 0  |6 T_UNAB_DER__SE_479_199500000000000_IMPRESO  |7 0  |9 424  |a UNACH  |b UNACH  |c Hemeroteca  |d 2007-03-05  |i 31.337.  |l 1  |o T/UNAB Der. / Se 479 1995 Impreso.   |p 1423  |r 2012-12-27 00:00:00  |s 2012-10-31  |u 424  |w 2012-08-08  |y LTS  |k T/UNAB Der. / Se 479 1995 
999 |c 399  |d 399